000
00310nam a2200121 a 4500
008
100923s1966|||| d
100
1
_a
Feuchtwanger, Lion
245
1
0
_a
Oppermannovci
260
_b
Vydavateľstvo politickej literatúry
_a
Bratislava
_c
1966
020
_c
18,50
044
_a
xo
_c
SK
041
_a
slo
999
_c
10652
_d
10652